Si chaque pays ne pouvait gagner la Coupe du Monde qu'une seule fois - Statistiques

Statistiques générales
  • Ce quiz a été pris 84 fois
  • Le résultat moyen est 19 sur 22
Statistiques - réponses
Hint Résultat réel Réponse % Correct
Italie 1934 Vainqueur Italie
100%
Uruguay 1930 Vainqueur Uruguay
100%
Suisse 1954 Vainqueur Allemagne
97%
Afrique du Sud 2010 Vainqueur Espagne
97%
Qatar 2022 Quatrième Maroc
96%
Argentine 1978 Vainqueur Argentine
95%
Mexique 1986 Troisième France
95%
Brésil 1950 Finaliste Brésil
94%
Allemagne 1974 Finaliste Pays-Bas
94%
Allemagne 2006 Quatrième Portugal
94%
Angleterre 1966 Vainqueur Angleterre
92%
France 1998 Troisième Croatie
92%
Brésil 2014 Quart de Finale Belgique
90%
Suède 1958 Finaliste Suède
86%
Russie 2018 Quart de Finale Russie
82%
Chili 1962 Finaliste Tchécoslovaquie
75%
Italie 1990 Quart de Finale Yougoslavie
75%
Corée du Sud/Japon 2002 Troisième Turquie
74%
France 1938 Finaliste Hongrie
73%
Espagne 1982 Troisième Pologne
70%
Etats-Unis 1994 Quatrième Bulgarie
55%
Mexique 1970 Quart de finale Pérou
48%
Aucun quiz correspondant
Distribution des résultats
% des personnes avec chaque résultat
Percentile par nombre de réponses
Votre historique - résultats
Vous n’avez pas pris ce quiz